000 00312nam a22001217a 4500
020 _a9788178128603
082 _a630
_bBIR/OB
100 _aBirendra Bahadur Singh
_9178
245 _aObjective Agriculture Science: R Gupta's
260 _aNew Delhi
_bRemesh Publishing House
_c2011
300 _a260
942 _cBK
999 _c14148
_d14148